I Drink Wine- Adele (30) Lyrics - Statistics

General Stats
  • This quiz has been taken 395 times
  • The average score is 317 of 435
Answer Stats
Hint Answer % Correct
be
97%
on
96%
can
95%
Lyrics: How
95%
how
95%
so
95%
So
95%
I
93%
a
92%
A
92%
we
92%
We
92%
When
91%
somebody
90%
else
89%
to
89%
To
89%
love
88%
Love
88%
the
88%
Dialogue: The
88%
you
88%
You
88%
become
87%
don't
87%
my
87%
By
86%
for
86%
like
86%
Of
86%
of
86%
that
86%
That
86%
in
85%
In
85%
just
85%
want
85%
both
84%
But
84%
but
84%
even
84%
Even
84%
one
84%
Every
83%
could
81%
make
81%
me
81%
person
81%
wants
81%
We're
81%
we're
81%
wine
81%
choices
80%
get
80%
thing
80%
bounded
79%
it
79%
trying
79%
hope
78%
mind
78%
us
78%
version
78%
with
78%
world
78%
all
77%
myself
77%
only
77%
over
77%
something
77%
Something
77%
up
77%
was
77%
child
76%
free
76%
know
76%
learn
76%
Stop
76%
down
75%
makes
75%
now
75%
soak
75%
blow
74%
bring
73%
other
73%
come
72%
each
72%
Everybody
72%
everybody
72%
single
72%
Find
71%
find
71%
better
70%
put
70%
fun
69%
our
69%
believe
68%
climb
67%
feels
67%
Feels
67%
time
67%
can't
66%
ideas
66%
Putting
65%
Soaking
65%
somehow
65%
am
64%
believe
64%
High
64%
Why
64%
from
63%
Cause
62%
cause
62%
heads
62%
higher
62%
I'm
62%
keep
62%
climbing
61%
corrupt
61%
hard
61%
hearts
61%
none
61%
wiser
61%
I've
58%
satisfied
57%
They
57%
people
56%
play
55%
say
55%
balance
54%
cling
54%
life
54%
Oh
54%
times
54%
truly
54%
work
54%
anybody
52%
Is
52%
things
52%
true
52%
about
51%
control
51%
crazy
51%
go
51%
sacrifice
51%
seeking
51%
these
51%
approval
50%
left
50%
real
50%
who's
50%
your
50%
cried
49%
fire
49%
we've
49%
bad
48%
obsessing
48%
fight
47%
have
46%
need
46%
substance
46%
Yet
46%
as
45%
behind
43%
best
43%
road
43%
will
43%
low
42%
peace
42%
Sometimes
42%
less
41%
good
40%
got
39%
give
38%
Listen
36%
traveled
35%
becomes
33%
tides
33%
yeah
31%
brunt
29%
regret
29%
would
28%
Well
27%
at
24%
much
24%
because
23%
period
22%
different
21%
storm
21%
though
21%
wish
21%
big
20%
memories
20%
him
19%
didn't
18%
That's
18%
heavy
17%
most
17%
new
17%
talk
17%
turbulent
17%
There
14%
very
13%
No matching quizzes found
Score Distribution
Percent of People with Each Score
Percentile by Number Answered
Your Score History
You have not taken this quiz